| 000 | 00686nam a22002297a 4500 | ||
|---|---|---|---|
| 005 | 20170124110040.0 | ||
| 010 | _a195932 | ||
| 020 | _c00.00 | ||
| 035 | _a195932 | ||
| 037 | _bCen Lib/Ret | ||
| 040 |
_aDPL _bEN |
||
| 082 |
_a883.08 _bBRO |
||
| 100 |
_aBrombert, Victor _923629 |
||
| 245 |
_aThe intellectual Hero : _cby Victor Brumbert _bstudies in the French novel, 1880-1955 / |
||
| 260 |
_aLondon _bFaber and Faber _c1960 |
||
| 270 | _a24 Russell Square | ||
| 300 |
_a255p. _c20cm(Hb) |
||
| 500 | _aIncludes bibliography and index | ||
| 650 |
_aIntellectuals in literature _923630 |
||
| 650 |
_aFrench literature _923631 |
||
| 942 |
_2ddc _cEN _h883.08 _mBRO |
||
| 999 |
_c128508 _d128508 |
||